• 首页
  • 本馆介绍
  • 公告通知
  • 最新文献
  • 馆藏检索
  • 电子资源
  • 读者导购
  • 参考咨询
  • 我的图书馆
  • 登录
  • 详细信息显示
  • 放入我的书架
  • 预约/预借图书
  • 作者相关作品
  • 分类相关作品
  • 丛书相关作品
  • 出版社相关作品

书目信息

  • 表格格式
  • 工作单格式
  • 卡片格式
题名:
批判哲学的批判
    
 
作者: 李泽厚 著
分册:  
出版信息: 北京   人民出版社  1984.06
页数: 444页
开本: 20cm
丛书名:
单 册:
中图分类: B516.31
科图分类:
主题词: 哲学--欧洲
电子资源:
ISBN:
000 00618nam0 2200217 45
001 0181023910
005 20060314092121.81
010    @dCNY1.65
091    @a2001.175
100    @a20810111e19841979km y0chiy0120 ea
101 0  @achi
200 1  @a批判哲学的批判@APi Pan Zhe Xue De Pi Pan@e康德述评@EKang De Shu Ping@f李泽厚著@FLi Ze Hou Zhu
205    @a2版@b修订本
210    @a北京@c人民出版社@d1984.06
215    @a444页@d20cm
517    @a康德述评@AKang De Shu Ping
606 0  @a哲学@x欧洲
690    @aB516.31@v3
701  0 @a李泽厚@4著
801    @aCN@bTSTC@c20060314
905    @dB516.31@e10@f1@b113239@b113241@f1
    
    批判哲学的批判:康德述评/李泽厚著.-2版,修订本.-北京:人民出版社,1984.06
    444页;20cm
    
    
    ISBN :CNY1.65
    
●
相关链接 在E读中查询图书 在五车中查询图书 在当当中查询图书 在豆瓣中查询图书


正题名:批判哲学的批判     索取号:B516.31/10         预约/预借

序号 登录号 条形码 馆藏地/架位号 状态 备注
1 0010382   000778867   密集书库/ [索取号:B516.31/10] 在馆    
2 0010383   000778876   密集书库/ [索取号:B516.31/10] 在馆    
3 0032741   000778858   密集书库/ [索取号:B516.31/10] 在馆    
4 0032743   001825305   密集书库/ [索取号:B516.31/10] 在馆    
5 0057013   000580295   第一借阅区/ [索取号:B516.31/10] 在馆    
6 0057014   000580062   第一样本阅览室/ [索取号:B516.31/10] 在馆    
7 0057016   000580026   第一借阅区/ [索取号:B516.31/10] 在馆    
8 0113232   000577502   第一样本阅览室/ [索取号:B516.31/10] 在馆    
9 0113233   000577478   第一借阅区/ [索取号:B516.31/10] 在馆    
10 0113234   000778929   密集书库/ [索取号:B516.31/10] 在馆    
11 0113235   000779143   密集书库/ [索取号:B516.31/10] 在馆    
12 0113236   202205764   密集书库/ [索取号:B516.31/10] 在馆    
13 0113237   000577575   密集书库/ [索取号:B516.31/10] 在馆    
14 0113238   202205808   密集书库/ [索取号:B516.31/10] 在馆    
15 0113239   000577539   密集书库/ [索取号:B516.31/10] 在馆    
16 0113240   001728429   密集书库/ [索取号:B516.31/10] 在馆    
17 0113241   000580286   密集书库/ [索取号:B516.31/10] 在馆    
唐山师范学院图书馆 欢迎您!
大连网信软件有限公司© 版权所有